[Event "Waterkloof Robbertse Memorial"]
[Site "Waterkloof"]
[Date "2015.02.01"]
[Round "5"]
[White "Nel, Andre"]
[Black "Katema, Patrick"]
[Result "1-0"]
[WhiteElo "1940"]
[BlackElo "1912"]
[PlyCount "143"]
[EventDate "2015.01.29"]
[EventType "swiss"]
[EventRounds "6"]
[EventCountry "RSA"]
[SourceTitle "CBM 164 Extra"]
[Source "ChessBase"]
[SourceDate "2015.03.02"]
[SourceVersion "1"]
[SourceVersionDate "2015.03.02"]
[SourceQuality "1"]

1. d4 d5 2. Nf3 Nf6 3. Bf4 c6 4. Nc3 Bf5 5. e3 e6 6. a3 Bd6 7. Ne5 Qc7 8. g4 Bg6 9. h4 Ne4 10. Ne2 f6 11. Nxg6 hxg6 12. Bg2 e5 13. dxe5 Bxe5 14. Bxe5 Qxe5 15. Qd4 Nd7 16. c4 Qxd4 17. exd4 Kf7 18. c5 Rae8 19. Rh3 Re7 20. Rc1 f5 21. g5 Rhe8 22. Rc2 Kg8 23. f3 Nexc5 24. dxc5 Nxc5 25. Bf1 Ne6 26. Kf2 d4 27. f4 c5 28. Rd3 b5 29. b3 Rc7 30. Rd1 Rd8 31. Rcd2 a6 32. Kg3 Rcd7 33. Nc1 Nc7 34. Nd3 Re7 35. Ne5 Nd5 36. Rd3 Rde8 37. Re1 Ne3 38. Nxg6 Re6 39. Ne5 Nd5 40. Bg2 Nb6 41. h5 Rd6 42. Rc1 Rc8 43. Nf3 Rcd8 44. Rcd1 Nd5 45. Nxd4 c4 46. Bxd5+ Rxd5 47. bxc4 bxc4 48. R3d2 c3 49. Rc2 Rxd4 50. Rxd4 Rxd4 51. Rxc3 Kf7 52. g6+ Ke7 53. Rc7+ Kf6 54. Rc6+ Ke7 55. Rxa6 Rd1 56. Ra7+ Ke6 57. Kg2 Rd2+ 58. Kh3 Rd3+ 59. Kh4 Kf6 60. Ra6+ Ke7 61. Kg5 Rh3 62. Ra7+ Ke6 63. Ra6+ Ke7 64. a4 Rh1 65. Ra7+ Ke6 66. Rxg7 Rg1+ 67. Kh6 Rg4 68. Rb7 Rxf4 69. g7 Rg4 70. Rb8 Kf7 71. Rf8+ Ke7 72. a5 1-0

[Event "Waterkloof Robbertse Memorial"]
[Site "Waterkloof"]
[Date "2015.01.31"]
[Round "4"]
[White "Katema, Patrick"]
[Black "Nelson, Jaco"]
[Result "1-0"]
[WhiteElo "1912"]
[BlackElo "1962"]
[PlyCount "55"]
[EventDate "2015.01.29"]
[EventType "swiss"]
[EventRounds "6"]
[EventCountry "RSA"]
[SourceTitle "CBM 164 Extra"]
[Source "ChessBase"]
[SourceDate "2015.03.02"]
[SourceVersion "1"]
[SourceVersionDate "2015.03.02"]
[SourceQuality "1"]

1. c4 Nf6 2. g3 Nc6 3. Bg2 e5 4. d3 d5 5. cxd5 Nxd5 6. Nf3 Be6 7. Nc3 Be7 8. Bd2 0-0 9. 0-0 Nb6 10. Rc1 f6 11. a3 a5 12. Ne4 Nd7 13. Be3 Bd5 14. Nc3 Bf7 15. d4 Qb8 16. d5 Nd8 17. Nb5 Bd6 18. Nh4 b6 19. Nf5 Nb7 20. Bh3 Ndc5 21. b4 axb4 22. axb4 Ne4 23. Qd3 Ng5 24. Bxg5 fxg5 25. Nfxd6 cxd6 26. Nc7 Ra2 27. Ne6 Bg6 28. Qc4 1-0